Sports Quiz

Random Sports or Soccer Quiz
Score 0/220 Timer 20:00
0 Plays Today
Hint Answer % Correct
Paris Saint-GermainThiago Silva
100%
Paris Saint-GermainKeylor Navas
99.6%
Paris Saint-GermainMarco Verratti
99.2%
Paris Saint-GermainNeymar
99.2%
Paris Saint-GermainÁngel Di María
99.2%
Paris Saint-GermainJuan Bernat
98.8%
Paris Saint-GermainMarquinhos
98.8%
Paris Saint-GermainThomas Meunier
98.8%
Paris Saint-GermainKylian Mbappé
98.8%
Paris Saint-GermainMauro Icardi
97.5%
Paris Saint-GermainIdrissa Gueye
97.1%
Olympique MarseilleSteve Mandanda
97.1%
AS MonacoAdrien Silva
97.1%
Olympique LyonAnthony Lopes
92.6%
Stade RennaisHamari Traoré
91.4%
Olympique LyonBertrand Traoré
91.4%
Angers SCOIsmaël Traoré
91.4%
FC NantesCharles Traoré
91.4%
AS MonacoKamil Glik
89.3%
Olympique MarseilleHiroki Sakai
88.9%
Olympique MarseilleDimitri Payet
88.5%
Olympique LyonMoussa Dembélé
88.5%
Olympique MarseilleDarío Benedetto
86.8%
Olympique LyonJason Denayer
86.4%
Olympique LyonHoussem Aouar
86.4%
Lille OSCVictor Osimhen
84.4%
AS MonacoIslam Slimani
84.4%
AS MonacoWissam Ben Yedder
84%
AS MonacoAleksandr Golovin
83.1%
Olympique MarseilleBouna Sarr
82.7%
OGC NiceMalang Sarr
82.7%
OGC NiceKasper Dolberg
82.3%
Olympique MarseilleMorgan Sanson
81.9%
Lille OSCMike Maignan
81.9%
Stade de ReimsBoulaye Dia
81.5%
Olympique LyonMarcelo
81.1%
Olympique MarseilleBoubacar Kamara
80.7%
Stade de ReimsHassane Kamara
80.7%
Olympique LyonJoachim Andersen
80.7%
Lille OSCJosé Fonte
80.2%
Olympique MarseilleDuje Ćaleta-Car
79.8%
Stade RennaisEdouard Mendy
79.4%
OGC NiceDante
79.4%
AS Saint-ÉtienneStéphane Ruffier
79.4%
Stade RennaisM'Baye Niang
79%
AS MonacoBenjamin Lecomte
79%
Olympique MarseilleJordan Amavi
78.2%
Olympique LyonMaxwel Cornet
78.2%
Olympique LyonThiago Mendes
77.8%
Olympique LyonLucas Tousart
77%
Montpellier HSCHilton
77%
Lille OSCJonathan Bamba
76.5%
OGC NiceWalter Benítez
76.5%
Montpellier HSCPedro Mendes
76.5%
Lille OSCJonathan Ikoné
76.1%
Olympique LyonLéo Dubois
74.1%
Lille OSCRenato Sanches
72.8%
AS Saint-ÉtienneWahbi Khazri
70.8%
Lille OSCBenjamin André
70%
Girondins de BordeauxBenoît Costil
70%
Olympique MarseilleÁlvaro González
69.5%
Montpellier HSCAndy Delort
69.5%
AS Saint-ÉtienneLoïc Perrin
69.1%
Lille OSCZeki Çelik
68.7%
AS MonacoFodé Ballo-Touré
68.3%
Montpellier HSCGaëtan Laborde
67.9%
Olympique MarseilleValentin Rongier
67.5%
Montpellier HSCGerónimo Rulli
67.5%
Stade RennaisRaphinha
67.1%
FC NantesAlban Lafont
66.7%
AS MonacoTiemoué Bakayoko
66.3%
Stade Brest 29Ibrahima Diallo
64.6%
FC MetzHabib Diallo
64.6%
OGC NiceWylan Cyprien
64.2%
Hint Answer % Correct
RC StrasbourgMatz Sels
63.8%
AS MonacoGuillermo Maripán
63.4%
Stade RennaisEduardo Camavinga
62.6%
Girondins de BordeauxJimmy Briand
62.1%
FC NantesAbdoulaye Touré
62.1%
Angers SCORomain Thomas
61.7%
Toulouse FCMax Gradel
61.3%
Stade de ReimsPredrag Rajković
60.5%
RC StrasbourgKenny Lala
60.5%
OGC NiceAdam Ounas
60.1%
Stade RennaisJérémy Morel
58.8%
AS MonacoGelson Martins
58.8%
AS Saint-ÉtienneMathieu Debuchy
58.4%
Stade RennaisBenjamin Bourigeaud
58%
Montpellier HSCTéji Savanier
58%
RC StrasbourgLamine Koné
57.6%
Stade RennaisDamien Da Silva
56.8%
RC StrasbourgLudovic Ajorque
56.8%
Girondins de BordeauxMexer
56.8%
OGC NicePierre Lees Melou
56%
AS Saint-ÉtienneYann M'Vila
55.1%
Lille OSCDomagoj Bradarić
54.7%
FC NantesMoses Simon
54.7%
Angers SCOLudovic Butelle
53.9%
Girondins de BordeauxPablo
53.9%
Montpellier HSCDaniel Congré
52.7%
Montpellier HSCFlorent Mollet
52.7%
Stade Brest 29Grautier Larsonneur
52.7%
Stade de ReimsAlaixys Romao
51.9%
Girondins de BordeauxLaurent Koscielny
51.9%
RC StrasbourgAdrien Thomasson
51.4%
AS Saint-ÉtienneDenis Bouanga
51.4%
Stade de ReimsYunis Abdelhamid
51%
FC NantesKalifa Coulibaly
51%
Stade Brest 29Gaëtan Charbonnier
49%
RC StrasbourgStefan Mitrović
48.6%
Nîmes OlympiquePaul Bernardoni
48.6%
Amiens SCRégis Gurtner
47.7%
FC NantesNicolas Pallois
46.9%
AS Saint-ÉtienneRyad Boudebouz
46.9%
Lille OSCBoubakary Soumaré
46.5%
Girondins de BordeauxOtávio
46.1%
Girondins de BordeauxUi-Jo Hwang
46.1%
Amiens SCGaël Kakuta
45.3%
Dijon FCOJulio Tavarès
44.9%
FC MetzAlexandre Oukidja
44.4%
Stade RennaisJoris Gnagnon
44%
Dijon FCOAlfred Gomis
43.6%
Dijon FCOBruno Ecuele Manga
43.2%
Toulouse FCBaptiste Reynet
42.8%
Montpellier HSCArnaud Souquet
42.4%
Girondins de BordeauxSamuel Kalu
42.4%
Girondins de BordeauxNicolas de Préville
42.4%
FC MetzMamadou Fofana
41.6%
AS Saint-ÉtienneWesley Fofana
41.6%
Stade de ReimsRémi Oudin
41.2%
Stade RennaisFaitout Maouassa
39.9%
Stade de ReimsThomas Foket
39.9%
Girondins de BordeauxLoris Benito
39.9%
AS MonacoBenoit Badiashile
39.5%
Montpellier HSCAmbroise Oyongo
39.1%
OGC NiceIgnatius Ganago
38.7%
Montpellier HSCDamien Le Tallec
37.9%
Toulouse FCMathieu Dossevi
37.4%
Angers SCOBaptiste Santamaria
37%
AS Saint-ÉtienneMiguel Trauco
37%
RC StrasbourgDimitri Liénard
36.6%
FC MetzOpa Nguette
36.6%
Angers SCOThomas Mangani
36.2%
Amiens SCSerhou Guirassy
36.2%
OGC NiceAlexis Claude-Maurice
35.8%
Toulouse FCEfthymios Koulouris
35.8%
Stade RennaisRomain Del Castillo
35%
Toulouse FCIbrahim Sangaré
35%
Hint Answer % Correct
Nîmes OlympiquePablo Martinez
34.2%
Nîmes OlympiqueRenaud Ripart
34.2%
Angers SCOPierrick Capelle
33.7%
RC StrasbourgIbrahima Sissoko
33.7%
FC NantesAndrei Girotto
33.7%
Stade Brest 29Yoann Court
32.9%
Stade de ReimsAxel Disasi
32.1%
Nîmes OlympiqueAnthony Briancon
32.1%
Stade de ReimsXavier Chavalerin
31.7%
Angers SCOSada Thioub
31.7%
Dijon FCOStephy Mavididi
31.7%
Stade de ReimsGhislain Konan
31.3%
FC NantesLudovic Blas
31.3%
Nîmes OlympiqueZinedine Ferhat
30.5%
Stade Brest 29Irvin Cardona
30%
Amiens SCAurélien Chedjou
30%
Lille OSCGabriel Magalhães
29.2%
Angers SCORachid Alioui
28.4%
Angers SCOAngelo Fulgini
28%
FC NantesMehdi Abeid
28%
Dijon FCORomain Amalfitano
28%
Amiens SCThomas Monconduit
26.7%
FC MetzStoppila Sunzu
25.9%
Stade de ReimsMoussa Doumbia
25.5%
RC StrasbourgMohamed Simakan
25.5%
Dijon FCODidier Ndong
25.5%
Angers SCOMathias Pereira Lage
25.1%
OGC NicePatrick Burner
24.7%
RC StrasbourgAlexander Djiku
24.3%
Stade Brest 29Jean-Charles Castelletto
24.3%
FC MetzJohn Boye
24.3%
FC MetzFabien Centonze
24.3%
Amiens SCJuan Ferney Otero
24.3%
Angers SCOVincent Manceau
23.9%
Stade Brest 29Samuel Grandsir
23.5%
FC MetzHabib Maïga
23%
AS Saint-ÉtienneThomithée Kolodziejczak
23%
Dijon FCOHamza Mendyl
22.6%
Stade Brest 29Cristian Battocchio
22.2%
Nîmes OlympiqueSofiane Alakouch
22.2%
Amiens SCAlexis Blin
22.2%
OGC NiceStanley Nsoki
21.8%
FC NantesImran Louza
21.4%
Dijon FCOFouad Chafik
21.4%
Amiens SCHaitam Aleesami
21.4%
Girondins de BordeauxAurélien Tchouaméni
20.6%
FC MetzKévin N'Doram
20.6%
Dijon FCOMounir Chouiar
20.6%
Toulouse FCIssiaga Sylla
20.6%
Toulouse FCKelvin Amian
20.2%
Dijon FCOMama Baldé
19.3%
Stade Brest 29Haris Belkebla
18.9%
Nîmes OlympiqueRomain Philippoteau
18.9%
Stade Brest 29Romain Perraud
18.5%
Stade Brest 29Julien Faussurier
18.5%
Dijon FCOWesley Lautoa
18.5%
AS Saint-ÉtienneZaydou Youssouf
17.7%
Toulouse FCNicolat Isimat-Mirin
17.7%
FC NantesDennis Appiah
16.9%
Nîmes OlympiqueThéo Valls
16.9%
Toulouse FCWilliam Vainqueur
16.5%
FC MetzThomas Delaine
16%
Amiens SCArturo Calabresi
16%
Amiens SCBakaye Dibassy
16%
Toulouse FCBafodé Diakité
15.6%
Amiens SCFousseni Diabaté
13.2%
RC StrasbourgJean-Ricner Bellegarde
12.8%
Nîmes OlympiqueFlorian Miguel
10.3%
Nîmes OlympiqueGaëtan Paquiez
10.3%
Toulouse FCSteven Moreira
10.3%
FC MetzMatthieu Udol
9.9%
Nîmes OlympiqueLamine Fomba
8.2%
Remove Ads.
Support Sporcle.
Get the best of Sporcle when you Go Orange. This ad-free experience offers more features, more stats, and more fun while also helping to support Sporcle. Thank you for becoming a member.

You're not logged in!

Compare scores with friends on all Sporcle quizzes.
OR
Log In

Sporcle TV

Today on Sporcle TV


Watch our educational content, quiz creation guides, and fun videos on Sporcle TV.

Show Comments

Extras

Top Quizzes Today


Score Distribution

Paid Content

Your Account Isn't Verified!

In order to create a playlist on Sporcle, you need to verify the email address you used during registration. Go to your Sporcle Settings to finish the process.

Report this User

Report this user for behavior that violates our Community Guidelines.

Details: